The New Cambridge English Course : Practice 2 /

Saved in:
Bibliographic Details
Main Authors: Swan, Michael (Author), Walter, Catherine (Author)
Format: Book
Language:English
Published: Cambridge : Cambridge University Press, 1992
Edition:5.printing
Tags: Add Tag
No Tags, Be the first to tag this record!

MARC

LEADER 00000nam a22000003a 4500
001 stu21954
005 20150617225750.4
008 931207s1992----uk------------------eng-d
020 |a 0-521-37650-5 
040 |a STU  |b slo 
041 0 |a eng 
044 |a uk 
080 |a 802.0 
100 1 |a Swan, Michael  |4 aut 
245 1 |a The New Cambridge English Course :  |b Practice 2 /  |c [aut.]Swan,Michael, Walter,Catherine 
250 |a 5.printing 
260 |a Cambridge :  |b Cambridge University Press,  |c 1992 
300 |a 119 s :  |b Obr.,tab 
700 1 |a Walter, Catherine  |4 aut 
996 |b C92300  |c C*92300  |l CCXVII  |s P  |a 0  |w stu21954_0001